00000000nam##2200000za#4500
0019.613783
003CaOODSP
00520210929082756
007ta
008150406|1997||||xxc|||||     f|0| 0 eng|d
020 |a0-662-25727-8
040 |aCaOODSP|beng
043 |an-cn---
0861 |aFo29-6/79-1997E
1101 |aCanada. |bNatural Resources Canada. |bCanadian Forest Service.
24510|aYew big bud mite / |cby R. W. Duncan et al.
260 |aVictoria - British Columbia : |bNatural Resources Canada. |c1997.
300 |a4p. : |billus. ; |c28 cm.
4901 |aForest pest leaflet|v79
590 |a97-23|b1997-06-06
7201 |aDuncan, R. W.
7760#|tYew big bud mite / |w(CaOODSP)9.573509
830#0|aForest pest leaflet ;|v79|w(CaOODSP)9.514653